000 00897nam a2200289Ia 4500
003 OSt
005 20221006153428.0
006 a|||||r|||| 00| 0
007 ta
008 221006b |||||||| |||| 00| 0 kor d
020 _a9788952105653
_cW 20,000 (each)
024 _a32,307
037 _bGift, Korean Embassy
_cTextual
040 _aEASL
_cEASL
_bkor
041 _2kor
_akor
082 _aV495:191.P3, P4
100 _aLEE-JAY Cho etc Ed.
_9663878
245 0 _aChanging Korea in regional and global contexts
260 _aSeoul
_bSeoul National University Press Korea
_c2004
300 _a589p.
_ccm.
490 _v KEL
650 _a KEL
650 _aDevelopment-Globalization
_9663879
700 _a EAST-WEST CENTER
_9663880
942 _hV495:191.P3, P4
_cTEXL
_2CC
999 _c1100393
_d1100393